| 000 | | | 05809cac2a2200229#x 450 |
| 001 | | | c48b3c05-adfd-4009-9640-9fbcdc78610a |
| 005 | | | 20180110143234.0 |
| 100 | ## | $a | 20120829l19181918k y0rusy0102 ca |
| 101 | 0# | $a | rus |
| 102 | ## | $a | RU |
| 200 | 1# | $a | Доклад помощника генерал-губернатора Северной области по управлению Мурманским районом председателю Временного правительства Северной области |
| | $j | 23 октября 1918 г. |
| 251 | ## | $c | Дело |
| 215 | ## | $a | 1 лист |
| 225 | 0# | $a | Фонд Чайковский Николай Васильевич, участник революционного движения 1870-х гг., создатель общества «Чайковцев», член партии социалистов-революционеров, глава Верховного управления Северной области, глава Временного правительства Северной области, член Южнорусского правительства при генерале А. И. Деникине |
| | $h | Опись № 1 |
| 300 | ## | $a | На папке дела: Доклад помощника генерал-губернатора Северной области по управлению Мурманским районом председателю белогвардейского Временного "правительства" Северной области |
| 300 | ## | $a | Машинописный текст |
| 517 | 1# | $a | Доклад помощника генерал-губернатора Северной области по управлению Мурманским районом председателю белогвардейского Временного "правительства" Северной области |
| 801 | #0 | $a | RU |
| | $b | НПО Опыт |
| | $c | 20120829 |
| 801 | #1 | $a | RU |
| | $b | НПО Опыт |
| | $c | 20120829 |
| | $2 | rusmarc |
| 801 | #2 | $a | RU |
| | $b | ПБ им. Б.Н. Ельцина |
| | $c | 20140203 |
| | $g | RCR |
| | $2 | rusmarc |
| 850 | ## | $a | Государственный архив Российской Федерации |
| 852 | ## | $a | ГА РФ |
| | $j | 235 |
| 937 | ## | $d | 43204507 |
| | $h | ПБ |
| 035 | ## | $a | RuPRLIB580501235 |
| 607 | ## | $2 | prlib_sh |
| | $3 | LIBNET\UAF\0000071412 |
| | $a | Северная область |
| | $j | Документы и материалы |
| | $x | Политика и управление |
| | $y | 1918-1920 |
| 605 | ## | $2 | acquisition_Prlib |
| | $3 | DITM\AF\0000004675 |
| | $a | Территория |
| | $l | коллекция |
| 605 | ## | $a | Территория России: Мурманская область |
| | $l | коллекция |
| | $2 | acquisition_Prlib |
| | $3 | LIBNET\UAF\0000058229 |
| 605 | ## | $a | Мурманская область: страницы истории |
| | $l | коллекция |
| | $2 | acquisition_Prlib |
| | $3 | LIBNET\UAF\0000058230 |
| 617 | ## | $2 | prlib_sh |
| | $c | Северная область |
| 617 | ## | $c | Мурманская область |
| | $2 | prlib_sh |
| 686 | ## | $2 | rubbk |
| | $a | 63.3(235.1)612ю1 |
| | $v | LBC/M |
| 122 | 0# | $a | d19181023## |
| 461 | #0 | $1 | 001e59d46be-a9b2-4f1e-9294-2f5ce7560bf3 |
| | $1 | 2001 |
| | $a | Чайковский Николай Васильевич, участник революционного движения 1870-х гг., создатель общества «Чайковцев», член партии социалистов-революционеров, глава Верховного управления Северной области, глава Временного правительства Северной области, член Южнорусского правительства при генерале А. И. Деникине |
| | $1 | 251 |
| | $c | Фонд |
| | $1 | 852 |
| | $j | Р5805 |
| 462 | #0 | $1 | 00178cc8278-2d49-437e-861c-e5ff7086bfd7 |
| | $1 | 2001 |
| | $a | Чайковский Николай Васильевич. 1874-1926 гг. |
| | $v | Д. 235 |
| | $1 | 251 |
| | $c | Опись |
| | $1 | 852 |
| | $j | 1 |